000 00598nam a2200229Ia 4500
003 OSt
005 20220928102111.0
006 a|||||r|||| 00| 0
007 ta
008 220927b |||||||| |||| 00| 0 eng d
024 _a59413
037 _cTextual
040 _aSDCL
_cSDCL
_beng
041 _2eng
_aeng
082 _aO152,3N501x, L8
100 _aGyan Ranjan
_9396592
245 0 _aFence ke idhar aur udhar.
260 _aKanpur
_bPustak Sansthan
_c1978
300 _a142p.
_ccm.
942 _hO152,3N501x, L8
_cTEXL
_2CC
999 _c712339
_d712339